Mundo : revista semanal de política exterior y economía revista semanal de política exterior y economía
Descripción Física:
1 vol. enquadernat ; 30 cm. ; il. b/n ; periodicitat: setmanal
Descripción:
Índex.
Idioma:
Español
MARC
| LEADER | 00000nas a2200000 a 4500 | ||
|---|---|---|---|
| 001 | 14508 | ||
| 003 | Arxiu | ||
| 005 | 20260324175352.0 | ||
| 008 | 160829s9999 xx 000 0 cat d | ||
| 008 | 160829s9999 xx 000 0 cat d | ||
| 040 | |a agdb | ||
| 041 | |a spa | ||
| 080 | |a Revistes | ||
| 245 | |a Mundo : |b revista semanal de política exterior y economía | ||
| 260 | |a Madrid : |b [s.n. ; |c 1940-1980] | ||
| 300 | |a 1 vol. enquadernat ; |c 30 cm. ; |b il. b/n ; periodicitat: setmanal | ||
| 310 | |a Setmanal | ||
| 362 | |a Año 1, no. 1 (12 mayo 1940)-no. 2047 (enero 1980) | ||
| 500 | |a Descripció basada en: Año 5, no. 209 (7 mayo 1944). | ||
| 504 | |a Bibliografia. | ||
| 520 | |a Índex. | ||
| 650 | |a Política mundial |x Revistes |9 29932 | ||
| 650 | 0 | |a Economia |v Revistes |9 11548 | |
| 655 | 0 | |9 55823 |a Revistes | |
| 866 | |a Núm. 209 (7 maig 1944) - Núm. 225 (27 agost 1944) | ||
| 901 | |a Arxiu | ||
| 942 | |n 1 |2 udc |c REV | ||
| 952 | |0 0 |1 0 |2 udc |4 0 |6 REV357 |7 1 |9 45174 |a Arxiu |b Arxiu |d 2016-12-01 |h Núm. 209 (7 maig 1944) - Núm. 225 (27 agost 1944) |o Rev-357 |p 14508 |r 2016-12-01 00:00:00 |w 2016-12-01 |y ARXIU |z Any 5 (1944) | ||
| 999 | |c 48245 |d 48245 | ||